000 00365nam a22001217a 4500
082 _a200 THE
100 _aRida Maamoor
_973157
245 _aTH-SOF-1762-Reduced Order Sampled - Data Controller
260 _aISLAMABAD
_bNUST COLLEG OF EME
_c2020
650 _aMS-ELECT-16
_973158
700 _aSupervisor Dr. Syed M. Tahir Zaidi ABSTRACT.
_973159
942 _cCF
_2ddc
999 _c578996
_d578996